| 000 -LEADER |
| fixed length control field |
00577pab a2200181 454500 |
| 008 - FIXED-LENGTH DATA ELEMENTS--GENERAL INFORMATION |
| fixed length control field |
180718b2014 xxu||||| |||| 00| 0 eng d |
| 100 ## - MAIN ENTRY--PERSONAL NAME |
| Personal name |
Melo, Marcus Andre |
| 245 ## - TITLE STATEMENT |
| Title |
Why do some governments resort to 'creative accounting' but not others? Fiscal governance in the Brazilian federation |
| 260 ## - PUBLICATION, DISTRIBUTION, ETC. |
| Date of publication, distribution, etc. |
2014 |
| 300 ## - PHYSICAL DESCRIPTION |
| Extent |
p.595-612. |
| 362 ## - DATES OF PUBLICATION AND/OR SEQUENTIAL DESIGNATION |
| Dates of publication and/or sequential designation |
Nov |
| 650 ## - SUBJECT ADDED ENTRY--TOPICAL TERM |
| Topical term or geographic name entry element |
Financial administration - Brazil |
| 650 ## - SUBJECT ADDED ENTRY--TOPICAL TERM |
| Topical term or geographic name entry element |
Financial administration |
| 700 ## - ADDED ENTRY--PERSONAL NAME |
| Personal name |
Souza, Saulo |
| 700 ## - ADDED ENTRY--PERSONAL NAME |
| Personal name |
Pereira, Carloss |
| 773 ## - HOST ITEM ENTRY |
| Main entry heading |
International Political Science Review |
| 909 ## - |
| -- |
107402 |